01659nam a2200457 i 45000010005000000030009000050050017000140080039000310150018000700200015000880350023001030350036001260350014001620350021001760350023001970350044002200400028002640410013002920460009003050800016003140800012003301000029003422450166003712460034005372600060005713000035006313360027006663370054006933380028007473800016007755040012007916500023008036550035008266580034008617000046008957000043009417000038009847000041010227100041010638560097011045761KOSZ 00520220422121612.0970629s1993 pl a |001 0 pol aUWD 1993/6221 a8320808782 a991000774569705066 a(PL-WaBN)b10245741-48omnis_nlop ab10245741 a(OCoLC)830055097 a(PL)b0000001024574 a(EXLNZ-48OMNIS_NETWORK)9910447278205606 aWA NcWA NdKOSZ 005/HR1 apolheng k1987 a330.101.541 a(075.8)1 aBegg, David K. H.eAutor10aEkonomia.n[T. 2,pMakroekonomia] /cDavid Begg [oraz] Stanley Fischer, Rudiger Dornbusch ; red. nauk. Ryszard Rapacki ; tł. [z ang.] Bogusław Czarny [et al.].1 iTyt. oryg.:aEconomics,f1987 aWarszawa :bPaństwowe Wydawnictwo Ekonomiczne,c1993. a479, [1] s. :bwykr. ;c24 cm. aTekstbtxt2rdacontent aBez urządzenia pośredniczącegobn2rdamedia aWoluminbnc2rdacarrier aKsiążki aIndeks. 7aMakroekonomia2DBN 7aPodręczniki akademickie2DBN aGospodarka, ekonomia, finanse1 aCzarny, Bogusławd(1957- )eTłumaczenie1 aDornbusch, Rudigerd(1942-2002)eAutor1 aFischer, Stanleyd(1943- )eAutor1 aRapacki, Ryszardd(1949- )eRedakcja2 aPolskie Wydawnictwo Ekonomiczne4pbl uhttp://koha.tu.koszalin.pl/cgi-bin/koha/opac-detail.pl?biblionumber=5761yKatalog online BPK